000 00607nam a2200181Ia 4500
008 090124s9999 xx 000 0 und d
082 _b10187
100 _aपंडित नलिनी
245 _a जातिवाद आणि वर्गवाद
250 _a2
260 _bसाधना प्रकाशन
_c1978
300 _a163
600 _aपंडित नलिनी
630 _a जातिवाद आणि वर्गवाद
700 _aपंडित नलिनी
730 _a जातिवाद आणि वर्गवाद
942 _cBOOK
999 _c85198
_d85198